Introduction to Integrated Pest and Disease Management / (Record no. 48739)

MARC details
000 -LEADER
fixed length control field 00638nam a22002057a 4500
003 - CONTROL NUMBER IDENTIFIER
control field OSt
008 - FIXED-LENGTH DATA ELEMENTS--GENERAL INFORMATION
fixed length control field 250814b |||||||| |||| 00| 0 eng d
020 ## - INTERNATIONAL STANDARD BOOK NUMBER
International Standard Book Number 9789390522255
082 ## - DEWEY DECIMAL CLASSIFICATION NUMBER
Classification number 632.9
Item number A76I
100 ## - MAIN ENTRY--PERSONAL NAME
Personal name Arora, Ramesh.
245 ## - TITLE STATEMENT
Title Introduction to Integrated Pest and Disease Management /
Statement of responsibility, etc. by Ramesh Arora and Sushma Sharma
260 ## - PUBLICATION, DISTRIBUTION, ETC. (IMPRINT)
Place of publication, distribution, etc .- Ludhiana
Name of publisher, distributor, etc : Kalyani Publishers
Date of publication, distribution, etc , 2023
300 ## - PHYSICAL DESCRIPTION
Extent 179p.
650 ## - SUBJECT ADDED ENTRY--TOPICAL TERM
Topical term or geographic name as entry element Technology (Applied Sciences)
650 ## - SUBJECT ADDED ENTRY--TOPICAL TERM
Topical term or geographic name as entry element Agriculture and Related Technologies
650 ## - SUBJECT ADDED ENTRY--TOPICAL TERM
Topical term or geographic name as entry element Integrated Pest Management
650 ## - SUBJECT ADDED ENTRY--TOPICAL TERM
Topical term or geographic name as entry element Disease Management
700 ## - ADDED ENTRY--PERSONAL NAME
Personal name Sharma, Sushma.
942 ## - ADDED ENTRY ELEMENTS (KOHA)
Source of classification or shelving scheme
Koha item type Books
942 ## - ADDED ENTRY ELEMENTS (KOHA)
-- 1
Holdings
Withdrawn status Lost status Source of classification or shelving scheme Damaged status Not for loan Home library Current library Date acquired Source of acquisition Cost, normal purchase price Total Checkouts Full call number Barcode Date last seen Bill Date Koha item type Bill Number Date last borrowed
          Dr. Rajendra Prasad Central Agricultural University Pusa, Dr. Rajendra Prasad Central Agricultural University Pusa, 14/08/2025 TTPP, New Delhi 250.00   632.9 A76I 85053 14/08/2025 14/07/2025 Books TTPP/109/2025-26  
          Dr. Rajendra Prasad Central Agricultural University Pusa, Dr. Rajendra Prasad Central Agricultural University Pusa, 14/08/2025 TTPP, New Delhi 250.00 1 632.9 A76I 85054 13/03/2026 14/07/2025 Books TTPP/109/2025-26 26/02/2026
          Dr. Rajendra Prasad Central Agricultural University Pusa, Dr. Rajendra Prasad Central Agricultural University Pusa, 14/08/2025 TTPP, New Delhi 250.00   632.9 A76I 85055 14/08/2025 14/07/2025 Books TTPP/109/2025-26  
          Dr. Rajendra Prasad Central Agricultural University Pusa, Dr. Rajendra Prasad Central Agricultural University Pusa, 14/08/2025 TTPP, New Delhi 250.00   632.9 A76I 85056 14/08/2025 14/07/2025 Books TTPP/109/2025-26  
          Dr. Rajendra Prasad Central Agricultural University Pusa, Dr. Rajendra Prasad Central Agricultural University Pusa, 14/08/2025 TTPP, New Delhi 250.00   632.9 A76I 85057 14/08/2025 14/07/2025 Books TTPP/109/2025-26  
Hosted, Implemented, Customized & Maintained by: BestBookBuddies

Powered by Koha